Normal view
MARC view
Entry Personal Name
001 - CONTROL NUMBER
- control field: 52937
003 - CONTROL NUMBER IDENTIFIER
- control field: dpl
005 - DATE AND TIME OF LATEST TRANSACTION
- control field: 20121008111506.0
008 - FIXED-LENGTH DATA ELEMENTS
- fixed length control field: 121008|||a|||||| | ||| d
040 ## - CATALOGING SOURCE
- Original cataloging agency: dpl
- Transcribing agency: dpl
100 ## - HEADING--PERSONAL NAME
- Personal name: Pramanik, Ashutosh
670 ## - SOURCE DATA FOUND
- Source citation: Work cat.: (dpl)13643: Pramanik, Ashutosh , Electromagnetism:, 2008
670 ## - SOURCE DATA FOUND
- Source citation: Work cat.: (dpl)13643: Pramanik, Ashutosh , Electromagnetism:, 2008
